01010nam a2200241Ia 450000100060000000300090000600800410001504000130005604000130006904100130008210000210009510000290011624501000014524500170024525000110026226000110027326000130028426000490029730000590034650002970040565000350070265000310073767781IT-RoPAU130308s9999 xx 000 0 und d aIT-RoPAU cIT-RoPAU aITALIANO aFagiolo Marcello gCodice Aut. SPICS: 23564 a"Cattedrale di cristallo (La)-L'architettura dell'espressionismo e la ""tradizione"" esoterica" bRevival (Il) a1a ed. aMILANO bMazzotta c1974 [1° Ed.:1974 - Ed.Ling.Originale:1974] a"64 p. (prefazione: no ; testo: 64 [pagine: 225-288])" aSimbolo Ermetico degli Architetti sconosciuti Storia e Tradizione Esoterismo della Costruzione nella Cultura tedesca forme Simboliche della Tradizione Cupola cosmica montagna cosmica e Mito dell'India Babilonia Egitto la Nuova Gerusalemme Operatività gotica fiore Stella cittadella Ermetica aTEORIA/LINGUAGGI DI ICONOLOGIA eCodice materia Spics: 5153